000 00499nam a2200193Ia 4500
003 OSt
005 20250805092948.0
008 250729s2004 xx 000 0 und d
020 _a978-8171418237
040 _cAL
041 _aeng
082 _a001.51 KUMM
100 _aKumar , Moturi Ravi
_9220875
245 _aMethods of teaching computer science
260 _aNew Delhi
_bDiscovery Publishing House
_c2004
300 _a383p
650 _aComputer Education
_9220876
942 _2ddc
_cBED
999 _c234765
_d234765